TV Deaths Quiz Stats

 Plays Quiz Updated Mar 26, 2012

Challenge
Share
Tweet
Embed
Score 0/24 Timer 05:00
0 Plays Today
Character TV Show % Correct
Maude FlandersThe Simpsons
66.8%
Dr. Mark GreeneER
65.3%
John LockeLost
61.3%
Lt. Col. Henry BlakeM*A*S*H
59.3%
Warrick BrownCSI
45.2%
Det. Bobby SimoneNYPD Blue
42.3%
Denny DuquetteGrey's Anatomy
41%
Mr. HecklesFriends
39.3%
Anna DraperMad Men
36.4%
Edie BrittDesperate Housewives
35.2%
Dr. Lawrence KutnerHouse
34%
Adele StackhouseTrue Blood
32.4%
Character TV Show % Correct
David Palmer24
30.6%
Susan Biddle RossSeinfeld
28.6%
Adriana La CervaThe Sopranos
27.6%
Caitlin 'Kate' ToddNCIS
26.3%
Sgt. James DoakesDexter
22.3%
Ed TruckThe Office
22.3%
Nate FisherSix Feet Under
20.3%
Michael ScofieldPrison Break
19.5%
Dolores LandinghamThe West Wing
17.3%
Rosalind ShaysL.A. Law
14.9%
Det. Terry CrowleyThe Shield
7.3%
Anastasia 'Dee' DuallaBattlestar Galactica
5.5%

You're not logged in!

Compare scores with friends on all Sporcle quizzes.
Join for Free
OR
Log In

You Might Also Like...

Show Comments

Extras

Top Quizzes Today


Score Distribution

Your Account Isn't Verified!

In order to create a playlist on Sporcle, you need to verify the email address you used during registration. Go to your Sporcle Settings to finish the process.

Report this User

Report this user for behavior that violates our Community Guidelines.

Details: